|
|
|
|
| LEADER |
00961nam a2200289 4500 |
| 001 |
DLU090078151 |
| 005 |
##20090619 |
| 040 |
# |
# |
|a DLU
|b eng
|
| 041 |
# |
# |
|a eng
|
| 044 |
# |
# |
|a US
|
| 100 |
# |
# |
|a Dronawat, Sundeep N.
|
| 245 |
# |
# |
|a Effect of impeller geometry on gas-liquid mass transfer coefficients in filamentous suspensions /
|c Sundeep N. Dronawat, C. Kurt Svihla, Thomas R. Hanley.
|
| 653 |
# |
# |
|a Filamentous suspensions
|
| 653 |
# |
# |
|a Gas-liquid mass transfer
|
| 653 |
# |
# |
|a Non-Newtonian rheology
|
| 700 |
# |
# |
|a Hanley, Thomas R.
|
| 700 |
# |
# |
|a Svihla, C. Kurt.
|
| 773 |
# |
# |
|t Applied Biochemistry and Biotechnology
|g Vol. 63-65, session 3 (Spring 1997), p. 363-373
|
| 920 |
# |
# |
|a Phòng Tạp chí -- Trung tâm Thông tin - Thư viện Trường Đại học Đà Lạt
|
| 994 |
# |
# |
|a DLU
|
| 900 |
# |
# |
|a True
|
| 911 |
# |
# |
|a Trương Bảo Trâm Anh
|
| 925 |
# |
# |
|a G
|
| 926 |
# |
# |
|a A
|
| 927 |
# |
# |
|a BB
|
| 980 |
# |
# |
|a Thư viện Trường Đại học Đà Lạt
|